| 000 | 00650nam a2200229Ia 4500 | ||
|---|---|---|---|
| 005 | 20230713102555.0 | ||
| 008 | 131103s9999 xx 000 0 und d | ||
| 040 | _aLoreto College | ||
| 041 | _aEnglish | ||
| 082 |
_a631.4 _bARA |
||
| 100 | _aArakeri, H.R | ||
| 245 |
_aSoil management in India _cH.R.Arakeri ...[et al.] |
||
| 250 | _a2nd rev. ed. | ||
| 260 |
_aBombay _bAsia Publishing _c1962 |
||
| 300 |
_axxiii, 609 p. _b ill., fig. |
||
| 504 | _aReprinted 1967 | ||
| 650 | _aAgriculture - | ||
| 651 | _aSpecific techniques, apparatus, equipment, materials - Soil Science - | ||
| 700 | _aChalam, G.V. | ||
| 850 | _aLCLIB | ||
| 942 | _cBK | ||
| 999 |
_c1122 _d51601 |
||